| Tag |
First Indicator |
Second Indicator |
Subfields |
| LEADER |
00000cam a2200000 4500 |
| 001 |
in00000021365 |
| 005 |
20151007062304.0 |
| 008 |
720829s1900 mau b 00010 eng u |
| 010 |
|
|
|a 01007158
|
| 035 |
|
|
|a (OCoLC)00394315
|
| 035 |
|
|
|9 AAD4459AM
|
| 040 |
|
|
|c KSU
|d TXA
|d UtOrBLW
|
| 049 |
|
|
|a TXAM
|c [6136]
|
| 050 |
|
0 |
|a PE1408
|b .G43
|
| 092 |
|
|
|a 808
|b G341w
|
| 100 |
1 |
|
|a Genung, John Franklin,
|d 1850-1919.
|
| 245 |
1 |
4 |
|a The working principles of rhetoric examined in their literary relations and illustrated with examples /
|c by John Franklin Genung ... A restudied and reproportioned treatise based on the author's Practical elements of rhetoric.
|
| 264 |
|
1 |
|a Boston :
|b Ginn & company,
|c 1900.
|
| 300 |
|
|
|a xiv, 2 unnumbered pages, 676 pages ;
|c 19 cm.
|
| 336 |
|
|
|a text
|b txt
|2 rdacontent
|
| 337 |
|
|
|a unmediated
|b n
|2 rdamedia
|
| 338 |
|
|
|a volume
|b nc
|2 rdacarrier
|
| 504 |
|
|
|a "Directory of authors quoted": pages 673-676.
|
| 650 |
|
0 |
|a Rhetoric.
|
| 650 |
|
0 |
|a English language
|x Rhetoric.
|
| 999 |
|
|
|a MARS
|
| 999 |
f |
f |
|s 4ce1a4ec-33de-3a78-a5d3-d567b02d58c6
|i d02a1a6e-5922-38f0-a599-d4cd21676ec2
|t 0
|
| 952 |
f |
f |
|p ric
|a Texas A&M University
|b Rellis Campus
|c Joint Library Facility
|s JLF
|d Remote Storage
|t 0
|e PE1408 .G43
|h Library of Congress classification
|i unmediated -- volume
|m A14801193845
|
| 998 |
f |
f |
|a PE1408 .G43
|t 0
|l Remote Storage
|